000
00235 a2200097 4500
001
90848
082
_a
910 EDU
090
_c
43020
_d
43020
100
_a
Educational Challanges
245
_a
World Geography
_c
Educational Challanges
_h
English
942
_a
CAE NUST
_k
910 EDU
999
_c
325921
_d
325921